000 00789cab a2200241 4500
001 ABS40003
008 090401t1988 xxu||||| |||| 00| 0 eng d
035 _a(Sirsi) u20578
041 _aeng
100 _aMcIntosh, S.
245 _aSDA foodpark is recipe for success
260 _c1988
350 _a0
490 _aEstates Times
_v(968) 28 October 1988, 18(1)
520 _aReports on the Motherwell Foodpark , the UK`s first development reserved exclusively for food and drink related industries. Explains how the initiative, which has attracted both public and private finance, got off the ground.
650 _aFIFE
650 _aGLENROTHES
650 _aLANARKSHIRE
650 _aSCOTLAND
690 _aPLANNING LAW AND PRACTICE
942 _n0
948 _c04/03/1997
999 _c13786
_d13786